مكتبة جامعة عجلون الوطنية

فهرس بحث المكتبة

Foundations of Physical Education, Exercise Science, And Sport (Record no. 34062)

MARC details
000 -LEADER
fixed length control field 00645nam a22001937a 4500
003 - CONTROL NUMBER IDENTIFIER
control field JO-AjAnu
005 - DATE AND TIME OF LATEST TRANSACTION
control field 20251012132914.0
008 - FIXED-LENGTH DATA ELEMENTS--GENERAL INFORMATION
fixed length control field 251012b jo ||||| |||| 00| 0 ara d
020 ## - INTERNATIONAL STANDARD BOOK NUMBER
International Standard Book Number 978-1-266-28702-2
040 ## - CATALOGING SOURCE
Original cataloging agency ANU
Transcribing agency JO-AjAnu
041 ## - LANGUAGE CODE
Language code of original ENG
100 ## - MAIN ENTRY--PERSONAL NAME
Personal name Walton-Fisette, Jennifer L.
Relator term Author
9 (RLIN) 66786
245 ## - TITLE STATEMENT
Title Foundations of Physical Education, Exercise Science, And Sport
Statement of responsibility, etc. / Prepared by Jennifer L. Walton-Fisette, Deborah A. Wuest
260 ## - PUBLICATION, DISTRIBUTION, ETC.
Place of publication, distribution, etc. New York :
Name of publisher, distributor, etc. Mc Graw Hill,
Date of publication, distribution, etc. 2024
300 ## - PHYSICAL DESCRIPTION
Extent 444 pages
650 ## - SUBJECT ADDED ENTRY--TOPICAL TERM
Form subdivision Sports - Physical Education
700 ## - ADDED ENTRY--PERSONAL NAME
Personal name Wuest, Deborah A.
Relator term Joint Author
9 (RLIN) 66789
942 ## - ADDED ENTRY ELEMENTS (KOHA)
Source of classification or shelving scheme Library of Congress Classification
Koha item type Books
Suppress in OPAC No
Holdings
Withdrawn status Lost status Source of classification or shelving scheme Damaged status Not for loan Home library Current library Date acquired Total Checkouts Full call number Barcode Date last seen Price effective from Koha item type
    Library of Congress Classification     مكتبة جامعة عجلون الوطنية مكتبة جامعة عجلون الوطنية 12/10/2025   GV341.W85.2024 E4061 12/10/2025 12/10/2025 Books